[Event "Guernsey op"]
[Site "Guernsey"]
[Date "2013.10.20"]
[Round "1"]
[White "Wismayer, Clive R"]
[Black "De Kruif, Kees"]
[Result "0-1"]
[WhiteElo "2110"]
[BlackElo "1930"]
[PlyCount "48"]
[EventDate "2013.10.20"]
[EventType "swiss"]
[EventRounds "7"]
[EventCountry "GCI"]
[SourceTitle "CBM 157 Extra"]
[Source "ChessBase"]
[SourceDate "2013.12.19"]
[SourceVersion "1"]
[SourceVersionDate "2013.12.19"]
[SourceQuality "1"]

1. Nf3 c5 2. b3 Nf6 3. Bb2 d6 4. e3 e6 5. c4 Be7 6. Nc3 0-0 7. Be2 a6 8. 0-0 Nc6 9. Rc1 Rb8 10. d4 Qa5 11. d5 Na7 12. Qc2 b5 13. Bd3 bxc4 14. bxc4 e5 15. Nd2 h6 16. h3 Bd7 17. Kh2 Nc8 18. g4 Qc7 19. f4 Bxg4 20. fxe5 dxe5 21. e4 Qd7 22. Nd1 Bxh3 23. Ne3 Bxf1 24. Rxf1 Ng4+ 0-1

[Event "Guernsey op 38th"]
[Site "Guernsey"]
[Date "2012.10.26"]
[Round "6"]
[White "Thurlow, Kevin J"]
[Black "Wismayer, Clive R"]
[Result "0-1"]
[WhiteElo "2025"]
[BlackElo "2099"]
[PlyCount "98"]
[EventDate "2012.10.21"]
[EventType "swiss"]
[EventRounds "7"]
[EventCountry "GCI"]
[SourceTitle "EXT 2013"]
[Source "ChessBase"]
[SourceDate "2012.11.22"]
[SourceVersion "1"]
[SourceVersionDate "2012.11.22"]
[SourceQuality "1"]

1. c4 b6 2. d4 e6 3. Nc3 Bb4 4. Bd2 Nf6 5. a3 Bxc3 6. Bxc3 0-0 7. Nf3 Bb7 8. e3 c5 9. Be2 cxd4 10. Qxd4 Nc6 11. Qh4 h6 12. Rd1 Ne8 13. Qg3 Rc8 14. 0-0 Qc7 15. Ne5 Nxe5 16. Bxe5 Qd8 17. Rd2 f6 18. Bc3 Qc7 19. Qg6 a5 20. Rfd1 Rf7 21. Bd3 f5 22. Be2 Nf6 23. f3 Bc6 24. Rd6 Ne8 25. R6d4 e5 26. Rh4 Rf6 27. Qg3 d6 28. f4 Qf7 29. Bh5 Qe7 30. fxe5 dxe5 31. Bxe5 Re6 32. Bd4 Nf6 33. Bxb6 Nxh5 34. Rxh5 Be8 35. Rxf5 Rxb6 36. Re5 Re6 37. Rxa5 Rxe3 38. Qf2 Rxc4 39. Rf5 Bg6 40. Rfd5 Re2 41. Qf3 Re1+ 42. Kf2 Rc2+ 43. R1d2 Rec1 44. Qb3 Rxd2+ 45. Rxd2+ Bf7 46. Qb8+ Kh7 47. Re2 Qc5+ 48. Kg3 Qg5+ 49. Kf2 Bh5 0-1

[Event "Guernsey op 38th"]
[Site "Guernsey"]
[Date "2012.10.22"]
[Round "2"]
[White "Narciso Dublan, Marc"]
[Black "Wismayer, Clive R"]
[Result "1-0"]
[WhiteElo "2535"]
[BlackElo "2099"]
[PlyCount "45"]
[EventDate "2012.10.21"]
[EventType "swiss"]
[EventRounds "7"]
[EventCountry "GCI"]
[SourceTitle "EXT 2013"]
[Source "ChessBase"]
[SourceDate "2012.11.22"]
[SourceVersion "1"]
[SourceVersionDate "2012.11.22"]
[SourceQuality "1"]

1. d4 d5 2. c4 e6 3. Nf3 Nf6 4. Nc3 Be7 5. Bf4 Nbd7 6. e3 c6 7. h3 0-0 8. Qc2 dxc4 9. Bxc4 Nd5 10. Bh2 Nxc3 11. bxc3 Qa5 12. 0-0 h6 13. a4 Rd8 14. Ba2 Nf8 15. Ne5 Bd7 16. f4 Be8 17. f5 f6 18. fxe6 fxe5 19. Rxf8+ Kxf8 20. Qh7 Bf6 21. Rf1 Rd5 22. Rxf6+ gxf6 23. e7# 1-0

[Event "Guernsey op 37th"]
[Site "Guernsey"]
[Date "2011.10.17"]
[Round "2"]
[White "Pert, Nicholas"]
[Black "Wismayer, Clive R"]
[Result "1-0"]
[WhiteElo "2557"]
[BlackElo "2114"]
[PlyCount "91"]
[EventDate "2011.10.16"]
[EventType "swiss"]
[EventRounds "7"]
[EventCountry "GCI"]
[SourceTitle "EXT 2012"]
[Source "ChessBase"]
[SourceDate "2011.11.24"]
[SourceVersion "1"]
[SourceVersionDate "2011.11.24"]
[SourceQuality "1"]

1. d4 e6 2. c4 d5 3. Nf3 Nf6 4. Nc3 Be7 5. Bf4 0-0 6. e3 Nbd7 7. Qc2 c5 8. 0-0-0 cxd4 9. Rxd4 dxc4 10. Ne5 Qa5 11. Nxc4 Qc5 12. Nd2 Nb6 13. Nb3 Qh5 14. Be2 Qg6 15. Qxg6 hxg6 16. e4 Bd7 17. f3 Rac8 18. Kb1 Nh5 19. Be3 e5 20. Rdd1 Bc6 21. g3 Nf6 22. Na5 Bb4 23. Nxc6 Rxc6 24. Rc1 Bc5 25. Bxc5 Rxc5 26. Nb5 Rxc1+ 27. Rxc1 Nc8 28. Rc7 a6 29. Na3 Nd6 30. Nc4 Nxc4 31. Bxc4 b5 32. Bb3 Rd8 33. Rxf7 Kh7 34. Kc2 g5 35. g4 Rd7 36. Rf8 Rc7+ 37. Kd2 Rc5 38. Ra8 Rc6 39. Ra7 Kh6 40. Ke3 Kg6 41. Re7 Rc5 42. Bf7+ Kh6 43. b4 Rc3+ 44. Kf2 Rc1 45. Rxe5 Rb1 46. h4 1-0

[Event "Guernsey op 34th"]
[Site "Guernsey"]
[Date "2008.10.25"]
[Round "7"]
[White "Wismayer, Clive R"]
[Black "De Kruif, Kees"]
[Result "0-1"]
[WhiteElo "2111"]
[BlackElo "2038"]
[PlyCount "74"]
[EventDate "2008.10.19"]
[EventType "swiss"]
[EventRounds "7"]
[EventCountry "GCI"]
[SourceTitle "EXT 2009"]
[Source "ChessBase"]
[SourceDate "2008.11.26"]
[SourceVersion "1"]
[SourceVersionDate "2008.11.26"]
[SourceQuality "1"]

1. e4 c5 2. Nf3 d6 3. Bb5+ Bd7 4. Bxd7+ Nxd7 5. 0-0 Ngf6 6. Qe2 e6 7. d4 cxd4 8. Nxd4 Be7 9. c4 a6 10. Nc3 0-0 11. b3 Qa5 12. Bb2 Rad8 13. Rad1 Rfe8 14. Kh1 Bf8 15. f4 d5 16. e5 Ne4 17. Nxe4 dxe4 18. Qxe4 Qxa2 19. Qc2 Qa5 20. Nf3 Nb8 21. Ng5 g6 22. Ne4 Rxd1 23. Rxd1 Rd8 24. Bc3 Rxd1+ 25. Qxd1 Qa3 26. Nf6+ Kg7 27. h3 Nc6 28. Ne8+ Kg8 29. Nd6 b6 30. Ne4 a5 31. f5 gxf5 32. Nf6+ Kh8 33. g4 Ne7 34. Kg2 a4 35. Qd6 Ng6 36. Nh5 Qxb3 37. gxf5 Qc2+ 0-1

[Event "Ghent op"]
[Site "Ghent"]
[Date "2007.07.18"]
[Round "9"]
[White "Wismayer, Clive R"]
[Black "Mohandesi, Shahin"]
[Result "0-1"]
[WhiteElo "2127"]
[BlackElo "2318"]
[PlyCount "90"]
[EventDate "2007.07.14"]
[EventType "swiss"]
[EventRounds "9"]
[EventCountry "BEL"]
[SourceTitle "CBM 119 Extra"]
[Source "ChessBase"]
[SourceDate "2007.09.04"]
[SourceVersion "1"]
[SourceVersionDate "2007.09.04"]
[SourceQuality "1"]

1. e4 c5 2. Nf3 Nc6 3. Bb5 e5 4. 0-0 Nge7 5. c3 a6 6. Ba4 b5 7. Bc2 d6 8. h3 Ng6 9. d4 Be7 10. a4 Rb8 11. dxc5 dxc5 12. Qxd8+ Bxd8 13. Be3 Be7 14. Rd1 0-0 15. Nbd2 Rd8 16. Nf1 Rxd1 17. Rxd1 Nf4 18. Ng3 g6 19. Kf1 f6 20. Ne2 Ne6 21. g3 Na5 22. axb5 axb5 23. Ra1 Nc6 24. Nd2 Kf7 25. f4 exf4 26. gxf4 Nf8 27. Kg2 Bb7 28. Kf2 Nd7 29. Bb3+ c4 30. Bc2 Ke8 31. Nf3 Nc5 32. Ng3 Ra8 33. Rxa8+ Bxa8 34. Nd4 Nxd4 35. Bxd4 Bc6 36. Ke3 Ne6 37. Bb6 Bd6 38. Ne2 Kf7 39. h4 Bd7 40. f5 Ng7 41. fxg6+ hxg6 42. Nf4 Bb8 43. e5 Bf5 44. exf6 Bxf4+ 45. Kf3 Nh5 0-1

[Event "Guernsey op 32nd"]
[Site "Grand Harve Bay"]
[Date "2006.10.18"]
[Round "4"]
[White "Heath, Jeffrey"]
[Black "Wismayer, Clive R"]
[Result "0-1"]
[WhiteElo "1926"]
[BlackElo "2124"]
[PlyCount "132"]
[EventDate "2006.10.15"]
[EventType "swiss"]
[EventRounds "7"]
[EventCountry "GCI"]
[SourceTitle "EXT 2007"]
[Source "ChessBase"]
[SourceDate "2006.11.23"]
[SourceVersion "1"]
[SourceVersionDate "2006.11.23"]
[SourceQuality "1"]

1. e4 e6 2. Nc3 d5 3. d4 dxe4 4. Nxe4 Bd7 5. Nf3 Bc6 6. Bd3 Nd7 7. Bf4 Ngf6 8. Qe2 Bxe4 9. Bxe4 Nxe4 10. Qxe4 c6 11. 0-0 Be7 12. Rfe1 0-0 13. Rad1 Nf6 14. Qe2 Qa5 15. a3 Qb6 16. c3 a5 17. Ne5 a4 18. Bg5 Rad8 19. Ng4 Nxg4 20. Bxe7 Qc7 21. Qxg4 Qxe7 22. Re5 Qc7 23. Rde1 Rd5 24. Rxd5 cxd5 25. Qe2 Rc8 26. Qd2 Qd7 27. f3 Rc6 28. Re2 Rb6 29. Qc2 Qb5 30. Kf2 f6 31. f4 Qd7 32. Qd1 Kf7 33. Qb1 g6 34. Qe1 Ke8 35. Qd2 Kd8 36. Qd3 Qc7 37. g3 Qc6 38. Qc2 Qb5 39. Qc1 Kd7 40. Qd2 Kc7 41. Qc2 Qb3 42. Qc1 Qa2 43. Kf3 Kb8 44. Rd2 Ka7 45. Re2 Qc4 46. Qd2 Rc6 47. Kf2 Rb6 48. Qe3 Qc7 49. Kg2 Rc6 50. Qd2 Qg7 51. Qe1 Qg8 52. Qd2 h6 53. Qd3 Kb6 54. Qc2 Ka5 55. Re1 g5 56. f5 Qh7 57. Rf1 exf5 58. Rxf5 Kb6 59. Qf2 Qf7 60. Qf3 Rd6 61. h3 Qe6 62. Kf2 Kc7 63. Kf1 Rb6 64. Rxd5 Rxb2 65. Rc5+ Kb8 66. Qd3 Qxh3+ 0-1

[Event "Guernsey op 31st "]
[Site "Cobo Bay"]
[Date "2005.10.22"]
[Round "7"]
[White "Wismayer, Clive R"]
[Black "Dennis, Nigel W"]
[Result "1/2-1/2"]
[WhiteElo "2127"]
[BlackElo "2050"]
[PlyCount "126"]
[EventDate "2005.10.16"]
[EventType "swiss"]
[EventRounds "7"]
[EventCountry "GCI"]
[SourceTitle "EXT 2006"]
[Source "ChessBase"]
[SourceDate "2005.11.24"]
[SourceVersion "1"]
[SourceVersionDate "2005.11.24"]
[SourceQuality "1"]

1. Nf3 Nf6 2. b4 d5 3. Bb2 e6 4. b5 c5 5. g3 Nbd7 6. Bg2 Be7 7. 0-0 0-0 8. d3 Qb6 9. a4 a6 10. Na3 Ne8 11. e4 Nc7 12. c4 d4 13. e5 f6 14. Qe2 fxe5 15. Nd2 Nf6 16. Ne4 Bd7 17. Qd2 axb5 18. axb5 Ra7 19. Nc2 Rfa8 20. Rxa7 Rxa7 21. Ra1 Rxa1+ 22. Nxa1 Qa7 23. Nb3 b6 24. h3 Bc8 25. Nc1 Nxe4 26. Bxe4 Bb7 27. Qe1 Bf6 28. Kf1 Qa8 29. h4 Bxe4 30. Qxe4 Qxe4 31. dxe4 Ne8 32. Ke2 Nd6 33. Kd3 h5 34. Ne2 g5 35. hxg5 Bxg5 36. Ng1 h4 37. gxh4 Bxh4 38. Nh3 Kf7 39. Bc1 Kf6 40. Bh6 Kf7 41. f3 Nc8 42. f4 Bg3 43. f5 exf5 44. exf5 Kf6 45. Ng5 Kxf5 46. Ne4 Bf4 47. Bg7 Ke6 48. Bf6 Ne7 49. Bh4 Bh6 50. Bxe7 Kxe7 51. Nf2 Ke6 52. Ke4 Bf4 53. Nd3 Bh2 54. Nb2 Kd6 55. Na4 Kc7 56. Nb2 Bf4 57. Kd5 Bg3 58. Nd3 Kd7 59. Nb2 Ke7 60. Ke4 Kd6 61. Na4 Kc7 62. Nb2 Kd6 63. Na4 Kc7 1/2-1/2

[Event "Guernsey op 31st "]
[Site "Cobo Bay"]
[Date "2005.10.18"]
[Round "3"]
[White "Lock, Gavin R"]
[Black "Wismayer, Clive R"]
[Result "1/2-1/2"]
[WhiteElo "2178"]
[BlackElo "2127"]
[PlyCount "46"]
[EventDate "2005.10.16"]
[EventType "swiss"]
[EventRounds "7"]
[EventCountry "GCI"]
[SourceTitle "EXT 2006"]
[Source "ChessBase"]
[SourceDate "2005.11.24"]
[SourceVersion "1"]
[SourceVersionDate "2005.11.24"]
[SourceQuality "1"]

1. Nf3 d5 2. d4 Nf6 3. c4 c6 4. Nc3 dxc4 5. a4 Na6 6. e4 Bg4 7. Bxc4 Bxf3 8. gxf3 e6 9. Bxa6 bxa6 10. Be3 Be7 11. Qe2 a5 12. 0-0 0-0 13. Rfc1 Qb8 14. Qa6 Qb6 15. Qc4 Qb7 16. Ne2 Rac8 17. Nf4 Rfd8 18. Nd3 Nd7 19. Rc2 Bd6 20. f4 Nf8 21. Rac1 Ng6 22. Ne5 Bxe5 23. fxe5 h6 1/2-1/2

[Event "Guernsey op 31st "]
[Site "Cobo Bay"]
[Date "2005.10.17"]
[Round "2"]
[White "Wismayer, Clive R"]
[Black "Havenaar, Jan"]
[Result "1-0"]
[WhiteElo "2127"]
[BlackElo "2195"]
[PlyCount "53"]
[EventDate "2005.10.16"]
[EventType "swiss"]
[EventRounds "7"]
[EventCountry "GCI"]
[SourceTitle "EXT 2006"]
[Source "ChessBase"]
[SourceDate "2005.11.24"]
[SourceVersion "1"]
[SourceVersionDate "2005.11.24"]
[SourceQuality "1"]

1. Nf3 g6 2. e4 Bg7 3. d4 d6 4. Nc3 a6 5. a4 Nc6 6. h3 e5 7. Be3 Nge7 8. dxe5 Nxe5 9. Nxe5 Bxe5 10. Qd2 Be6 11. Bg5 Qd7 12. Bd3 Qc6 13. 0-0 h6 14. Bxh6 Qd7 15. Qe3 0-0-0 16. Nb5 c5 17. b4 Bxh3 18. bxc5 Bxg2 19. Nxd6+ Bxd6 20. cxd6 Nc6 21. Kxg2 g5 22. Rh1 Rdg8 23. e5 Kb8 24. Bg7 Rxh1 25. Rxh1 Qg4+ 26. Qg3 Qxg3+ 27. Kxg3 1-0

[Event "BCF-chT3 0304 (4NCL)"]
[Site "West Bromwich"]
[Date "2003.11.23"]
[Round "2.1"]
[White "Wismayer, Clive R"]
[Black "Briscoe, Christopher"]
[Result "1/2-1/2"]
[WhiteElo "2136"]
[BlackElo "2192"]
[PlyCount "59"]
[EventDate "2003.11.23"]
[EventType "team"]
[EventRounds "11"]
[EventCountry "ENG"]
[SourceTitle "EXT 2005"]
[Source "ChessBase"]
[SourceDate "2004.11.15"]
[SourceVersion "1"]
[SourceVersionDate "2004.11.15"]
[SourceQuality "1"]
[WhiteTeam "Athenaeum"]
[BlackTeam "Guildford III"]
[WhiteTeamCountry "ENG"]
[BlackTeamCountry "ENG"]

1. e4 Nc6 2. Nf3 e5 3. Nc3 Nf6 4. Bb5 Nd4 5. Nxd4 exd4 6. e5 dxc3 7. exf6 Qxf6 8. dxc3 Bc5 9. Qe2+ Qe6 10. 0-0 0-0 11. Qh5 Bb6 12. Bd3 g6 13. Qh6 d5 14. Bd2 Bd7 15. Rae1 Qf6 16. Bg5 Qg7 17. Qh4 Rfe8 18. Bf6 Qf8 19. Re5 Rxe5 20. Bxe5 f5 21. Qf4 c6 22. c4 Re8 23. h4 dxc4 24. Bxc4+ Be6 25. Bxe6+ Rxe6 26. Rd1 Qe8 27. Bc3 Re4 28. Qg5 Qe7 29. Qg3 Bc7 30. Qg5 1/2-1/2

[Event "Guernsey op 29th"]
[Site "Les Dicqs"]
[Date "2003.10.23"]
[Round "5"]
[White "Wismayer, Clive R"]
[Black "Bellin, Robert"]
[Result "1/2-1/2"]
[WhiteElo "2136"]
[BlackElo "2383"]
[PlyCount "72"]
[EventDate "2003.10.19"]
[EventType "swiss"]
[EventRounds "7"]
[EventCountry "GCI"]
[SourceTitle "EXT 2005"]
[Source "ChessBase"]
[SourceDate "2004.11.15"]
[SourceVersion "1"]
[SourceVersionDate "2004.11.15"]
[SourceQuality "1"]

1. e4 c5 2. Nf3 d6 3. d4 cxd4 4. Nxd4 Nf6 5. Nc3 g6 6. g3 Nc6 7. Nde2 Bg7 8. Bg2 0-0 9. 0-0 Rb8 10. a4 a6 11. h3 b5 12. axb5 axb5 13. Re1 b4 14. Nd5 Nd7 15. c3 bxc3 16. bxc3 Nc5 17. Nd4 Bd7 18. Bg5 f6 19. Nxc6 Bxc6 20. Be3 Kh8 21. h4 Qd7 22. h5 g5 23. h6 Bxh6 24. Qh5 Bg7 25. Bh3 Qe8 26. Qxe8 Rfxe8 27. Bxc5 dxc5 28. Nc7 Red8 29. Ne6 Rd6 30. Reb1 Re8 31. Bf5 Bd7 32. Nxc5 e6 33. e5 Rd5 34. Nxd7 Rxd7 35. Bxe6 Rde7 36. Bf5 fxe5 1/2-1/2

[Event "Guernsey op 29th"]
[Site "Les Dicqs"]
[Date "2003.10.22"]
[Round "4"]
[White "Ippel, Cornelius J"]
[Black "Wismayer, Clive R"]
[Result "0-1"]
[WhiteElo "2095"]
[BlackElo "2136"]
[PlyCount "72"]
[EventDate "2003.10.19"]
[EventType "swiss"]
[EventRounds "7"]
[EventCountry "GCI"]
[SourceTitle "EXT 2005"]
[Source "ChessBase"]
[SourceDate "2004.11.15"]
[SourceVersion "1"]
[SourceVersionDate "2004.11.15"]
[SourceQuality "1"]

1. Nc3 d5 2. e4 e6 3. Nf3 Nf6 4. e5 Nfd7 5. d4 Be7 6. Be3 0-0 7. h4 c5 8. Ne2 Qb6 9. Qc1 f6 10. Rh3 fxe5 11. Nxe5 Nxe5 12. dxe5 Nc6 13. f4 Bd7 14. g4 Rac8 15. g5 d4 16. Bd2 c4 17. Bg2 Bc5 18. Be4 d3 19. cxd3 cxd3 20. Bxd3 Bf2+ 21. Kf1 Nxe5 22. Qb1 Nxd3 23. Qxd3 Bb5 24. Qf3 Bd4 25. Rb1 Rc2 26. Ke1 Bxb2 27. Qb3 Rxf4 28. Re3 Qc6 29. Qxe6+ Qxe6 30. Rxe6 Rxh4 31. Ng3 Rh2 32. Rd6 Rg2 33. Nf5 Rg1+ 34. Kf2 Rxb1 35. Rd8+ Kf7 36. Ke3 Ba3 0-1

[Event "Guernsey op 29th"]
[Site "Les Dicqs"]
[Date "2003.10.20"]
[Round "2"]
[White "Hillarp Persson, Tiger"]
[Black "Wismayer, Clive R"]
[Result "1-0"]
[WhiteElo "2512"]
[BlackElo "2136"]
[PlyCount "35"]
[EventDate "2003.10.19"]
[EventType "swiss"]
[EventRounds "7"]
[EventCountry "GCI"]
[SourceTitle "EXT 2005"]
[Source "ChessBase"]
[SourceDate "2004.11.15"]
[SourceVersion "1"]
[SourceVersionDate "2004.11.15"]
[SourceQuality "1"]

1. d4 d5 2. c4 c6 3. Nc3 Nf6 4. Nf3 dxc4 5. a4 Na6 6. e4 Bg4 7. Bxc4 e6 8. Be3 Nb4 9. 0-0 a5 10. h3 Bh5 11. g4 Bg6 12. Ne5 Nd7 13. f4 Nxe5 14. dxe5 h6 15. f5 Bh7 16. fxe6 fxe6 17. Bxe6 Bg8 18. Bxg8 1-0

[Event "BCF-chT2 0203 (4NCL)"]
[Site "West Bromwich"]
[Date "2003.05.04"]
[Round "10.8"]
[White "Evans, Debbie"]
[Black "Wismayer, Clive R"]
[Result "0-1"]
[WhiteElo "2024"]
[BlackElo "2124"]
[PlyCount "58"]
[EventDate "2002.11.??"]
[EventType "team"]
[EventRounds "11"]
[EventCountry "ENG"]
[SourceTitle "EXT 2004"]
[Source "ChessBase"]
[SourceDate "2003.11.25"]
[SourceVersion "1"]
[SourceVersionDate "2003.11.25"]
[SourceQuality "1"]
[WhiteTeam "SW Dragons II"]
[BlackTeam "Athenaeum"]
[WhiteTeamCountry "ENG"]
[BlackTeamCountry "ENG"]

1. e4 e6 2. d3 d5 3. Qe2 Be7 4. Nf3 Nf6 5. g3 0-0 6. e5 Nfd7 7. Bh3 c5 8. c3 Nc6 9. 0-0 b5 10. d4 b4 11. a3 Qa5 12. Re1 Ba6 13. Qd1 bxc3 14. bxc3 Nb6 15. dxc5 Na4 16. Nd4 Nd8 17. c6 Nc5 18. Bf1 Rc8 19. Nb3 Nxb3 20. Qxb3 Nxc6 21. Bd2 Bxf1 22. Kxf1 Qa6+ 23. Kg2 Rb8 24. Qc2 Rb7 25. Bc1 Rc8 26. Qa2 Na5 27. a4 Nb3 28. Be3 Nxa1 29. Qxa1 Bc5 0-1

[Event "Guernsey op 28th"]
[Site "Les Dicqs"]
[Date "2002.10.26"]
[Round "7"]
[White "Wismayer, Clive R"]
[Black "Webster, Andrew"]
[Result "0-1"]
[WhiteElo "2088"]
[BlackElo "2415"]
[PlyCount "72"]
[EventDate "2002.10.20"]
[EventType "swiss"]
[EventRounds "7"]
[EventCountry "GCI"]
[SourceTitle "EXT 2003"]
[Source "ChessBase"]
[SourceDate "2002.11.25"]
[SourceVersion "1"]
[SourceVersionDate "2002.11.25"]
[SourceQuality "1"]

1. e4 g6 2. d4 Bg7 3. Nf3 d6 4. Nc3 c6 5. Be2 b5 6. a4 b4 7. Na2 a5 8. 0-0 Nf6 9. Bd3 Bg4 10. h3 Bxf3 11. Qxf3 Nbd7 12. Bf4 0-0 13. Nc1 e5 14. dxe5 Nh5 15. Be3 Nxe5 16. Qe2 Re8 17. Qd2 Nxd3 18. cxd3 d5 19. Qc2 dxe4 20. dxe4 Qh4 21. f3 f5 22. Bf2 Qg5 23. Ne2 fxe4 24. fxe4 Qe5 25. Qc4+ Qe6 26. Qxe6+ Rxe6 27. Bd4 Rxe4 28. Bxg7 Kxg7 29. Rf2 Rae8 30. Kf1 Rxe2 31. Rxe2 Ng3+ 32. Kf2 Nxe2 33. Re1 Kf6 34. Rxe2 Rxe2+ 35. Kxe2 Ke5 36. Ke3 c5 0-1

[Event "Guernsey op 28th"]
[Site "Les Dicqs"]
[Date "2002.10.21"]
[Round "2"]
[White "Skorna, Ullrich"]
[Black "Wismayer, Clive R"]
[Result "1/2-1/2"]
[WhiteElo "2180"]
[BlackElo "2088"]
[PlyCount "34"]
[EventDate "2002.10.20"]
[EventType "swiss"]
[EventRounds "7"]
[EventCountry "GCI"]
[SourceTitle "EXT 2003"]
[Source "ChessBase"]
[SourceDate "2002.11.25"]
[SourceVersion "1"]
[SourceVersionDate "2002.11.25"]
[SourceQuality "1"]

1. e4 e6 2. d4 d5 3. Nc3 dxe4 4. Nxe4 Bd7 5. Nf3 Bc6 6. Bd3 Nd7 7. 0-0 Ngf6 8. Ned2 Nd5 9. Re1 Nf4 10. Be4 Bxe4 11. Nxe4 Ng6 12. d5 e5 13. Nxe5 Ndxe5 14. f4 Bd6 15. Qh5 0-0 16. fxe5 Bxe5 17. Ng5 h6 1/2-1/2

[Event "BCF-chT2 0102 (4NCL)"]
[Site "Birmingham"]
[Date "2002.01.20"]
[Round "6.7"]
[White "Bellin, Jana"]
[Black "Wismayer, Clive R"]
[Result "1-0"]
[WhiteElo "2203"]
[BlackElo "2105"]
[PlyCount "47"]
[EventDate "2001.09.22"]
[EventType "team"]
[EventRounds "11"]
[EventCountry "ENG"]
[SourceTitle "EXT 2003"]
[Source "ChessBase"]
[SourceDate "2002.11.25"]
[SourceVersion "1"]
[SourceVersionDate "2002.11.25"]
[SourceQuality "1"]
[WhiteTeam "Beeson Gregory III"]
[BlackTeam "Athenaeum"]
[WhiteTeamCountry "ENG"]
[BlackTeamCountry "ENG"]

1. d4 e6 2. Nf3 f5 3. d5 Bd6 4. Nc3 Nf6 5. e4 fxe4 6. Ng5 Bb4 7. dxe6 d5 8. Nf7 Qe7 9. Nxh8 Bxe6 10. Be2 Nbd7 11. Bh5+ Kf8 12. 0-0 Kg8 13. Nb5 c6 14. Nc7 Rf8 15. Nxe6 Qxe6 16. Bf7+ Rxf7 17. Nxf7 Qxf7 18. Be3 Bd6 19. f4 c5 20. c3 Nb6 21. b3 h6 22. Qe2 Nc8 23. Kh1 Ne7 24. g4 1-0

[Event "BCF-chT2 0102 (4NCL)"]
[Site "Birmingham"]
[Date "2002.01.19"]
[Round "5.7"]
[White "Wismayer, Clive R"]
[Black "Johnston, Dafydd"]
[Result "0-1"]
[WhiteElo "2105"]
[BlackElo "2230"]
[PlyCount "102"]
[EventDate "2001.09.22"]
[EventType "team"]
[EventRounds "11"]
[EventCountry "ENG"]
[SourceTitle "EXT 2003"]
[Source "ChessBase"]
[SourceDate "2002.11.25"]
[SourceVersion "1"]
[SourceVersionDate "2002.11.25"]
[SourceQuality "1"]
[WhiteTeam "Athenaeum"]
[BlackTeam "SW Dragons"]
[WhiteTeamCountry "ENG"]
[BlackTeamCountry "ENG"]

1. e4 e6 2. d4 d5 3. e5 c5 4. c3 Nc6 5. Be3 Nge7 6. Nf3 Nf5 7. Bd3 Qb6 8. Qd2 Be7 9. dxc5 Bxc5 10. Bxc5 Qxc5 11. Bxf5 exf5 12. Qg5 0-0 13. 0-0 d4 14. cxd4 Nxd4 15. Nbd2 Be6 16. b3 h6 17. Qh4 Rfd8 18. Rfe1 Rac8 19. Qf4 Qc3 20. Rab1 Qd3 21. Qe3 Qxe3 22. Rxe3 Rc2 23. Nxd4 Rxd4 24. Nf3 Rd5 25. a3 f4 26. Re4 Rc3 27. Rxf4 Rxb3 28. Rb4 Rxb4 29. axb4 Bg4 30. Rc1 Bxf3 31. gxf3 Rxe5 32. Rc8+ Kh7 33. Rc7 Rb5 34. Rc4 Kg6 35. Kf1 Kf6 36. Ke2 Ke6 37. Kd3 Kd6 38. Kc3 Rf5 39. Rd4+ Ke6 40. f4 Rh5 41. Rd8 Rxh2 42. f5+ Kxf5 43. Rd7 Ke6 44. Rxb7 Rxf2 45. Rxa7 Kd5 46. Rc7 Rf3+ 47. Kd2 Kd6 48. Ra7 Kc6 49. Ke2 Rf5 50. Ke3 g6 51. Ke4 h5 0-1

[Event "Genova op1"]
[Site "Genova"]
[Date "2001.??.??"]
[Round "1"]
[White "Lanzani, Mario"]
[Black "Wismayer, Clive R"]
[Result "1-0"]
[WhiteElo "2389"]
[BlackElo "2145"]
[PlyCount "47"]
[EventDate "2001.??.19"]
[EventType "swiss"]
[EventRounds "9"]
[EventCountry "ITA"]
[SourceTitle "EXT 2002"]
[Source "ChessBase"]
[SourceDate "2001.11.25"]
[SourceVersion "1"]
[SourceVersionDate "2001.11.25"]
[SourceQuality "1"]

1. d4 d5 2. c4 Nc6 3. Nc3 dxc4 4. d5 Ne5 5. Qd4 Ng6 6. h4 e5 7. Qxc4 Bd6 8. h5 N6e7 9. e4 h6 10. Be3 a6 11. 0-0-0 Nf6 12. f3 Bd7 13. Qb3 b5 14. g4 Qb8 15. Rh2 Nc8 16. Kb1 Nb6 17. a3 Ra7 18. Na2 Rb7 19. Nb4 Nc4 20. Bxc4 bxc4 21. Qxc4 a5 22. Nc6 Bxc6 23. dxc6 Rb5 24. Rxd6 1-0

[Event "Guernsey op"]
[Site "Guernsey"]
[Date "1996.??.??"]
[Round "3"]
[White "Happel, Henk"]
[Black "Wismayer, Clive R"]
[Result "1-0"]
[WhiteElo "2225"]
[BlackElo "2075"]
[PlyCount "30"]
[EventDate "1996.10.??"]
[EventType "swiss"]
[EventRounds "7"]
[EventCountry "GCI"]
[SourceTitle "EXT 2006"]
[Source "ChessBase"]
[SourceDate "2005.11.24"]
[SourceVersion "1"]
[SourceVersionDate "2005.11.24"]
[SourceQuality "1"]

1. d4 d5 2. c4 Nc6 3. Nf3 Bg4 4. Qa4 Nf6 5. Ne5 Bd7 6. Nxd7 Nxd7 7. c5 e5 8. e3 Qf6 9. Bb5 a6 10. Nc3 Qe6 11. 0-0 e4 12. f3 f5 13. fxe4 fxe4 14. Bc4 Ne7 15. Be2 b5 1-0